[Event "Banff op"]
[Site "Banff CAN"]
[Date "2024.11.11"]
[Round "6.1"]
[White "Chiku-Ratte, Olivier-Kenta"]
[Black "Keleberda, Tymur"]
[Result "1/2-1/2"]
[WhiteElo "2331"]
[BlackElo "2279"]
[WhiteFideId "-1"]
[BlackFideId "-1"]
[PlyCount "93"]
[GameId "2160767905787358"]
[EventDate "2024.11.09"]
[EventType "swiss"]
[EventRounds "6"]
[EventCountry "CAN"]

1. d4 Nf6 2. c4 e6 3. Nc3 d5 4. Bg5 Be7 5. e3 O-O 6. Rc1 Nbd7 7. Nf3 c5 8. cxd5 Nxd5 9. Bxe7 Nxe7 10. Be2 b6 11. O-O Bb7 12. Nb5 Bd5 13. Nc3 Bb7 14. Qa4 a6 15. dxc5 Nxc5 16. Qg4 Nd5 17. Rfd1 Qe7 18. Nxd5 Bxd5 19. Qb4 Qb7 20. b3 Rfc8 21. Qd4 a5 22. Ne1 Rd8 23. Bf3 Qe7 24. Bxd5 Rxd5 25. Qc3 Rxd1 26. Rxd1 Rd8 27. Rd4 h6 28. Nd3 Rxd4 29. Qxd4 Nxd3 30. Qxd3 Qf6 31. g3 Qa1+ 32. Kg2 Qxa2 33. Qd8+ Kh7 34. Qxb6 a4 35. bxa4 Qxa4 36. Qb7 Kg8 37. h4 h5 38. Qb8+ Kh7 39. Qe5 Qc6+ 40. e4 g6 41. Kh2 Qc2 42. Qf6 Kg8 43. Qf3 Kg7 44. Kg2 Qc6 45. e5 Qc4 46. Qf6+ Kg8 47. Kh2 1/2-1/2

[Event "Titled Tuesday 2024.11.05 Early"]
[Site "chess.com INT"]
[Date "2024.11.05"]
[Round "1"]
[White "Keleberda, Tymur"]
[Black "Ishvi, Aggarwal"]
[Result "0-1"]
[WhiteElo "2279"]
[BlackElo "1943"]
[WhiteFideId "-1"]
[BlackFideId "-1"]
[PlyCount "70"]
[GameId "2129405225439447"]
[EventDate "2024.11.05"]
[EventType "swiss (blitz)"]
[EventRounds "11"]
[EventCountry "NET"]
[SourceTitle "The Week in Chess 1566"]
[Source "Mark Crowther"]
[SourceDate "2024.11.11"]
[SourceVersion "1"]
[SourceVersionDate "2024.11.11"]
[SourceQuality "2"]

1. Nf3 Nf6 2. c4 g6 3. d4 Bg7 4. Nc3 d6 5. g3 O-O 6. Bg2 c5 7. d5 e6 8. O-O exd5 9. cxd5 a6 10. a4 Re8 11. Nd2 Nbd7 12. e4 Ne5 13. Qe2 Rb8 14. f4 Bg4 15. Qe3 Ned7 16. Kh1 b5 17. axb5 axb5 18. h3 b4 19. Ncb1 Bf5 20. Qd3 c4 21. Qxc4 Nb6 22. Qd3 Bd7 23. Nc4 Qc8 24. Nxb6 Rxb6 25. Kh2 Bb5 26. Qe3 Bxf1 27. Bxf1 Nxd5 28. Qd2 Nf6 29. Bg2 Rc6 30. e5 Rc2 31. Qxd6 Ne4 32. Be3 Nxd6 33. exd6 Rxe3 34. Ra8 Qxa8 35. Nd2 Rxd2 0-1

[Event "Titled Tuesday 2024.10.29 Late"]
[Site "chess.com INT"]
[Date "2024.10.29"]
[Round "1"]
[White "Green, An"]
[Black "Keleberda, Tymur"]
[Result "0-1"]
[WhiteElo "2123"]
[BlackElo "2269"]
[WhiteFideId "-1"]
[BlackFideId "-1"]
[PlyCount "56"]
[GameId "2129405225367411"]
[EventDate "2024.10.29"]
[EventType "swiss (blitz)"]
[EventRounds "11"]
[EventCountry "NET"]
[SourceTitle "The Week in Chess 1565"]
[Source "Mark Crowther"]
[SourceDate "2024.11.04"]
[SourceVersion "1"]
[SourceVersionDate "2024.11.04"]
[SourceQuality "2"]

1. d4 e6 2. Nf3 b5 3. Bf4 Nf6 4. e3 a6 5. a4 b4 6. c4 bxc3 7. Nxc3 Bb7 8. Bd3 c5 9. O-O Nc6 10. Rc1 cxd4 11. exd4 Nb4 12. Bb1 Be7 13. Re1 Qb6 14. Ne5 d6 15. Nc4 Qc6 16. Ne3 Qd7 17. Bg5 Rb8 18. Bxf6 Bxf6 19. d5 e5 20. Bf5 Qd8 21. Qg4 Ba8 22. h4 g6 23. Bb1 Bxh4 24. g3 Be7 25. f4 Qb6 26. fxe5 dxe5 27. Ne4 f5 28. Qd1 Nxd5 0-1

[Event "Titled Tuesday 2024.10.29 Late"]
[Site "chess.com INT"]
[Date "2024.10.29"]
[Round "2"]
[White "Samunenkov, Ihor"]
[Black "Keleberda, Tymur"]
[Result "1-0"]
[WhiteElo "2533"]
[BlackElo "2269"]
[WhiteFideId "-1"]
[BlackFideId "-1"]
[PlyCount "95"]
[GameId "2129405225379950"]
[EventDate "2024.10.29"]
[EventType "swiss (blitz)"]
[EventRounds "11"]
[EventCountry "NET"]
[SourceTitle "The Week in Chess 1565"]
[Source "Mark Crowther"]
[SourceDate "2024.11.04"]
[SourceVersion "1"]
[SourceVersionDate "2024.11.04"]
[SourceQuality "2"]

1. d4 Nf6 2. c4 e6 3. Nf3 d5 4. g3 dxc4 5. Bg2 a6 6. O-O Nc6 7. Nbd2 Nxd4 8. Nxc4 Nxf3+ 9. Bxf3 Qxd1 10. Rxd1 Nd5 11. e4 Nb6 12. Nxb6 cxb6 13. Be3 b5 14. e5 Be7 15. Rac1 O-O 16. Bc5 Bxc5 17. Rxc5 Rb8 18. Rc7 Re8 19. Be4 g6 20. f4 Kf8 21. Kf2 Re7 22. Rd8+ Re8 23. Rxe8+ Kxe8 24. Ke3 Bd7 25. Rxb7 Rxb7 26. Bxb7 a5 27. Kd4 Kd8 28. Kc5 Kc7 29. Ba6 b4 30. Bb5 Bc8 31. Be8 Kd8 32. Ba4 Kc7 33. Kb5 Bd7+ 34. Kxa5 Bc8 35. Kxb4 Kd8 36. Kc5 Ke7 37. b4 f6 38. b5 fxe5 39. fxe5 Kd8 40. b6 Ke7 41. Bc6 Ba6 42. b7 Bxb7 43. Bxb7 Kd7 44. a4 h5 45. a5 Kc7 46. a6 Kb8 47. Kb6 h4 48. a7# 1-0

[Event "Titled Tuesday 2024.10.29 Late"]
[Site "chess.com INT"]
[Date "2024.10.29"]
[Round "3"]
[White "Keleberda, Tymur"]
[Black "Hoffmann, Asa"]
[Result "1-0"]
[WhiteElo "2269"]
[BlackElo "2185"]
[WhiteFideId "-1"]
[BlackFideId "-1"]
[PlyCount "109"]
[GameId "2129405225380099"]
[EventDate "2024.10.29"]
[EventType "swiss (blitz)"]
[EventRounds "11"]
[EventCountry "NET"]
[SourceTitle "The Week in Chess 1565"]
[Source "Mark Crowther"]
[SourceDate "2024.11.04"]
[SourceVersion "1"]
[SourceVersionDate "2024.11.04"]
[SourceQuality "2"]

1. d4 Nf6 2. c4 c5 3. d5 e5 4. Nc3 d6 5. e4 Be7 6. h3 Nbd7 7. Be3 Nf8 8. Qd2 Ng6 9. f3 Nh5 10. Nge2 Bh4+ 11. Kd1 h6 12. Kc2 a6 13. g4 Nf6 14. Nc1 Nh7 15. Be2 Bg5 16. Nd3 Rb8 17. a4 b6 18. a5 b5 19. cxb5 axb5 20. b4 c4 21. Ne1 Ba6 22. Ng2 Bxe3 23. Qxe3 O-O 24. h4 Qf6 25. h5 Nf4 26. Nxf4 exf4 27. Qd2 Ng5 28. Rad1 Rfe8 29. Qd4 Qxd4 30. Rxd4 Kf8 31. Re1 g6 32. hxg6 fxg6 33. Rh1 Kg7 34. Rdd1 Nf7 35. Rh3 Ng5 36. Rh2 Nf7 37. Rdh1 Rh8 38. Bf1 Ne5 39. Rh3 Rh7 40. R1h2 Rbh8 41. Ne2 Nd3 42. Kc3 Bc8 43. Nd4 h5 44. Bxd3 cxd3 45. Kxd3 hxg4 46. Rxh7+ Rxh7 47. Rxh7+ Kxh7 48. fxg4 Bxg4 49. a6 Bc8 50. a7 Bb7 51. Nxb5 g5 52. Nxd6 Ba8 53. b5 g4 54. b6 g3 55. Ke2 1-0

[Event "Titled Tuesday 2024.10.29 Late"]
[Site "chess.com INT"]
[Date "2024.10.29"]
[Round "4"]
[White "Esipenko, Andrey"]
[Black "Keleberda, Tymur"]
[Result "0-1"]
[WhiteElo "2677"]
[BlackElo "2269"]
[WhiteFideId "-1"]
[BlackFideId "-1"]
[PlyCount "118"]
[GameId "2129405225380377"]
[EventDate "2024.10.29"]
[EventType "swiss (blitz)"]
[EventRounds "11"]
[EventCountry "NET"]
[SourceTitle "The Week in Chess 1565"]
[Source "Mark Crowther"]
[SourceDate "2024.11.04"]
[SourceVersion "1"]
[SourceVersionDate "2024.11.04"]
[SourceQuality "2"]

1. d4 a6 2. h3 h6 3. b3 Nf6 4. a4 e6 5. g3 d5 6. c3 c5 7. e3 Nc6 8. Ra2 e5 9. dxc5 Bxc5 10. Bg2 Be6 11. Ne2 Qc7 12. g4 Rd8 13. Rd2 O-O 14. O-O Rd7 15. Ba3 Bxa3 16. Nxa3 Rfd8 17. Qa1 d4 18. cxd4 exd4 19. Bxc6 bxc6 20. Rxd4 Rxd4 21. Nxd4 Bd5 22. Nf5 h5 23. g5 Qd7 24. Qe5 Re8 25. Qf4 Re4 26. Qb8+ Re8 27. Qf4 Re4 28. Nh6+ gxh6 29. Qxf6 Qxh3 30. Qd8+ Kh7 31. g6+ Kg7 32. f3 Qg3+ 33. Kh1 Rh4+ 34. Qxh4 Qxh4+ 35. Kg2 fxg6 36. Nc2 Bxb3 37. Nd4 Qg5+ 38. Kf2 Qe5 39. Rc1 Qh2+ 40. Ke1 Qg1+ 41. Kd2 Qf2+ 42. Kd3 Bxa4 43. Ra1 Bb5+ 44. Nxb5 axb5 45. Ra7+ Kf6 46. Ke4 Qc2+ 47. Kf4 g5+ 48. Kg3 h4+ 49. Kg4 Qg2+ 50. Kh5 Qxf3+ 51. Kxh6 h3 52. e4 Qg4 53. e5+ Ke6 54. Kg6 Qf5+ 55. Kg7 Qxe5+ 56. Kg8 Qf5 57. Rg7 Qf6 58. Rh7 Qg6+ 59. Kf8 Qxh7 0-1

[Event "Titled Tuesday 2024.10.29 Late"]
[Site "chess.com INT"]
[Date "2024.10.29"]
[Round "5"]
[White "Keleberda, Tymur"]
[Black "Onischuk, Vladimir"]
[Result "0-1"]
[WhiteElo "2269"]
[BlackElo "2609"]
[WhiteFideId "-1"]
[BlackFideId "-1"]
[PlyCount "113"]
[GameId "2129405225380488"]
[EventDate "2024.10.29"]
[EventType "swiss (blitz)"]
[EventRounds "11"]
[EventCountry "NET"]
[SourceTitle "The Week in Chess 1565"]
[Source "Mark Crowther"]
[SourceDate "2024.11.04"]
[SourceVersion "1"]
[SourceVersionDate "2024.11.04"]
[SourceQuality "2"]

1. a3 g6 2. d4 Bg7 3. c4 d6 4. Nf3 Nf6 5. Nc3 O-O 6. g3 Nc6 7. Bg2 e5 8. d5 Nb8 9. O-O a5 10. Nd2 Nfd7 11. Rb1 f5 12. b4 axb4 13. axb4 e4 14. Bb2 Ne5 15. Nb5 Na6 16. Bc3 Bd7 17. Nd4 Qe7 18. Qc1 Rae8 19. Qb2 h5 20. Nc2 h4 21. f4 exf3 22. Nxf3 hxg3 23. hxg3 Nxc4 24. Qa1 Ne3 25. Bxg7 Qxg7 26. Qxg7+ Kxg7 27. Nxe3 Rxe3 28. Rfc1 Rfe8 29. Nd4 Rxg3 30. Kf2 Rg4 31. Ne6+ Bxe6 32. dxe6 Rxg2+ 33. Kxg2 Rxe6 34. Rc2 Kf6 35. Kf2 Re4 36. b5 Nc5 37. b6 c6 38. Ra2 g5 39. Ra7 f4 40. Rc1 Re7 41. Kf3 Kf5 42. Ra8 g4+ 43. Kf2 g3+ 44. Kf1 Ne4 45. Rd1 d5 46. Rd3 Rh7 47. Rf8+ Ke5 48. Rf3 Nd2+ 49. Kg2 Rh2+ 50. Kg1 Nxf3+ 51. exf3 Rf2 52. Re8+ Kd4 53. Re7 Rxf3 54. Rxb7 Rb3 55. Rf7 f3 56. Rf4+ Ke3 57. Rb4 0-1

[Event "Titled Tuesday 2024.10.29 Late"]
[Site "chess.com INT"]
[Date "2024.10.29"]
[Round "6"]
[White "Lalanne, P."]
[Black "Keleberda, Tymur"]
[Result "1-0"]
[WhiteElo "2208"]
[BlackElo "2269"]
[WhiteFideId "-1"]
[BlackFideId "-1"]
[PlyCount "177"]
[GameId "2129405225380756"]
[EventDate "2024.10.29"]
[EventType "swiss (blitz)"]
[EventRounds "11"]
[EventCountry "NET"]
[SourceTitle "The Week in Chess 1565"]
[Source "Mark Crowther"]
[SourceDate "2024.11.04"]
[SourceVersion "1"]
[SourceVersionDate "2024.11.04"]
[SourceQuality "2"]

1. e4 a6 2. d4 e6 3. Nc3 d5 4. Nf3 Nf6 5. e5 Nfd7 6. Ne2 c5 7. c3 Nc6 8. a3 f6 9. Nf4 Qe7 10. exf6 Nxf6 11. Bd3 Qc7 12. Ng5 cxd4 13. cxd4 Nxd4 14. Be3 Nc6 15. Nfxe6 Bxe6 16. Nxe6 Qe5 17. Nxf8 Rxf8 18. O-O O-O-O 19. Rc1 d4 20. Bd2 Kb8 21. Re1 Qd6 22. h3 Nd5 23. Qa4 Nf4 24. Be4 d3 25. Bxf4 Rxf4 26. Rcd1 d2 27. Re2 Qd4 28. Qxd4 Nxd4 29. Re3 g6 30. Kf1 Nf5 31. Bxf5 Rxf5 32. Ke2 Rfd5 33. b4 h5 34. f4 Rd4 35. g3 R8d7 36. Kf3 R7d6 37. g4 hxg4+ 38. hxg4 Rf6 39. Re4 Rd3+ 40. Ke2 Rxa3 41. Rxd2 Ka7 42. g5 Rc6 43. Rd3 Ra1 44. Ke3 Re1+ 45. Kd4 Rf1 46. Ke5 Rb6 47. Rd5 Rb1 48. f5 gxf5 49. Kxf5 R1xb4 50. Rxb4 Rxb4 51. g6 Rb1 52. Kf6 Rf1+ 53. Rf5 Rd1 54. g7 Rd8 55. Kf7 b5 56. g8=Q Rxg8 57. Kxg8 Kb6 58. Kf7 a5 59. Ke6 Kc6 60. Rh5 a4 61. Ke5 Kc5 62. Ke4+ Kc4 63. Ke3 b4 64. Kd2 Kb3 65. Kc1 Ka2 66. Rh2+ Ka3 67. Kb1 b3 68. Rh4 b2 69. Rh2 Kb3 70. Rxb2+ Kc3 71. Ka2 Kc4 72. Rc2+ Kb4 73. Rh2 a3 74. Rh3 Kc4 75. Rxa3 Kb4 76. Rd3 Kc4 77. Rd8 Kb4 78. Kb2 Kc4 79. Kc2 Kb4 80. Rc8 Kb5 81. Kc3 Kb6 82. Kc4 Kb7 83. Rc5 Kb6 84. Kb4 Kb7 85. Kb5 Ka7 86. Rc6 Ka8 87. Rc7 Kb8 88. Kb6 Ka8 89. Rc8# 1-0

[Event "Titled Tuesday 2024.10.22 Late"]
[Site "chess.com INT"]
[Date "2024.10.22"]
[Round "1"]
[White "Barwinska, Ewa"]
[Black "Keleberda, Tymur"]
[Result "0-1"]
[WhiteElo "1992"]
[BlackElo "2269"]
[WhiteFideId "-1"]
[BlackFideId "-1"]
[PlyCount "40"]
[GameId "2129405225173588"]
[EventDate "2024.10.22"]
[EventType "swiss (blitz)"]
[EventRounds "11"]
[EventCountry "NET"]
[SourceTitle "The Week in Chess 1564"]
[Source "Mark Crowther"]
[SourceDate "2024.10.28"]
[SourceVersion "1"]
[SourceVersionDate "2024.10.28"]
[SourceQuality "2"]

1. e4 a6 2. d4 e6 3. c4 d5 4. cxd5 exd5 5. e5 c5 6. Be3 Nc6 7. Nc3 cxd4 8. Bxd4 Nge7 9. f4 Nf5 10. Bf2 d4 11. Ne4 Bb4+ 12. Nd2 Ne3 13. Qc1 Bf5 14. Ngf3 Rc8 15. Bc4 Nc2+ 16. Kf1 O-O 17. Rb1 Ne3+ 18. Kg1 Na5 19. b3 b5 20. Rb2 Ba3 0-1

[Event "Titled Tuesday 2024.10.22 Late"]
[Site "chess.com INT"]
[Date "2024.10.22"]
[Round "2"]
[White "Keleberda, Tymur"]
[Black "Tang, Andrew"]
[Result "1-0"]
[WhiteElo "2269"]
[BlackElo "2527"]
[WhiteFideId "-1"]
[BlackFideId "-1"]
[PlyCount "271"]
[GameId "2129405225173985"]
[EventDate "2024.10.22"]
[EventType "swiss (blitz)"]
[EventRounds "11"]
[EventCountry "NET"]
[SourceTitle "The Week in Chess 1564"]
[Source "Mark Crowther"]
[SourceDate "2024.10.28"]
[SourceVersion "1"]
[SourceVersionDate "2024.10.28"]
[SourceQuality "2"]

1. Nf3 d5 2. d3 Nf6 3. g3 c5 4. Bg2 Nc6 5. Nbd2 g6 6. O-O Bg7 7. c3 O-O 8. e4 b5 9. Re1 b4 10. Qc2 bxc3 11. bxc3 Ba6 12. e5 Ne8 13. Nb3 c4 14. dxc4 Bxc4 15. Nbd4 Rc8 16. Nxc6 Rxc6 17. Nd4 Rc8 18. a4 Nc7 19. Ba3 Ne6 20. Nxe6 fxe6 21. a5 Qd7 22. Qd2 Rc6 23. f4 Rfc8 24. Bb4 Ba6 25. Rad1 Qc7 26. Bh3 Rb8 27. Qf2 Bb5 28. Bf1 Bxf1 29. Rxf1 a6 30. Rd4 Rc8 31. Qe3 Qb7 32. Rfd1 Kf7 33. h4 h5 34. Qe2 Bh6 35. R1d2 Ke8 36. g4 Kd7 37. Qd3 Rg8 38. g5 Bf8 39. Rxd5+ exd5 40. Qxd5+ Ke8 41. Qxg8 Qc8 42. Qd5 Qg4+ 43. Qg2 Qc8 44. Qe4 Kf7 45. Qd5+ Kg7 46. Kf1 Rc4 47. Qf3 Qf5 48. Rd4 Rc8 49. Qe4 Qh3+ 50. Kf2 Qxh4+ 51. Ke2 Qg4+ 52. Kd2 h4 53. e6 h3 54. Qe5+ Kh7 55. Rd3 Bg7 56. Qe4 Rf8 57. Qf3 Qg2+ 58. Qxg2 hxg2 59. Rg3 Rxf4 60. Rxg2 Re4 61. Bxe7 Rxe6 62. Bb4 Be5 63. Kd3 Bf4 64. Kc4 Re5 65. Rf2 Bxg5 66. Rf7+ Kh6 67. Ra7 Re6 68. Kd5 Re8 69. Rxa6 Bf4 70. Kc4 Kh5 71. Rc6 g5 72. Bc5 Re4+ 73. Kb5 Re1 74. Rc8 Rb1+ 75. Kc6 Ra1 76. Bb6 g4 77. Rh8+ Kg6 78. Rg8+ Kf5 79. c4 g3 80. a6 Rxa6 81. c5 Ra2 82. Kb7 Rc2 83. c6 g2 84. c7 Bxc7 85. Bxc7 Ke4 86. Bb6 Kf3 87. Rf8+ Kg3 88. Rg8+ Kf3 89. Ba7 Rb2+ 90. Bb6 Ke4 91. Kc6 Kf3 92. Bc5 Rc2 93. Kd5 Rd2+ 94. Bd4 Ra2 95. Kc4 Ra4+ 96. Kd3 Ra3+ 97. Bc3 Ra2 98. Rf8+ Kg3 99. Be5+ Kh3 100. Rg8 Ra3+ 101. Ke4 Ra2 102. Bd4 Kh4 103. Be3 Kh5 104. Kf3 Ra4 105. Rxg2 Rh4 106. Rg5+ Kh6 107. Rg4+ Kh5 108. Rg8 Rh3+ 109. Kf4 Rh4+ 110. Ke5 Rg4 111. Rf8 Rg7 112. Rf6 Rg6 113. Rf1 Rg4 114. Bf4 Rg2 115. Kf5 Rg5+ 116. Ke4 Ra5 117. Rh1+ Kg6 118. Rh6+ Kf7 119. Rd6 Ra4+ 120. Kf5 Ra1 121. Be5 Rf1+ 122. Bf4 Re1 123. Rb6 Ke8 124. Be5 Rc1 125. Ke6 Rc8 126. Rb7 Kd8 127. Rf7 Rc6+ 128. Bd6 Kc8 129. Kd5 Rc1 130. Rf8+ Kb7 131. Rb8+ Ka7 132. Rb2 Ka6 133. Bc5 Rd1+ 134. Kc6 Ra1 135. Rb8 Ka5 136. Ra8# 1-0

[Event "Titled Tuesday 2024.10.22 Late"]
[Site "chess.com INT"]
[Date "2024.10.22"]
[Round "3"]
[White "Keleberda, Tymur"]
[Black "Adewumi, Tanitoluwa"]
[Result "1-0"]
[WhiteElo "2269"]
[BlackElo "2349"]
[WhiteFideId "-1"]
[BlackFideId "-1"]
[PlyCount "57"]
[GameId "2129405225174044"]
[EventDate "2024.10.22"]
[EventType "swiss (blitz)"]
[EventRounds "11"]
[EventCountry "NET"]
[SourceTitle "The Week in Chess 1564"]
[Source "Mark Crowther"]
[SourceDate "2024.10.28"]
[SourceVersion "1"]
[SourceVersionDate "2024.10.28"]
[SourceQuality "2"]

1. Nf3 Nf6 2. c4 e6 3. d4 b6 4. g3 Ba6 5. Qc2 Bb7 6. Bg2 c5 7. dxc5 Bxc5 8. O-O Nc6 9. a3 Rc8 10. Rd1 O-O 11. b4 Be7 12. Bb2 d5 13. Nc3 Qe8 14. cxd5 exd5 15. Qd3 Rd8 16. Rac1 h6 17. e3 Qd7 18. Ne2 Ne4 19. Nf4 Bf6 20. Bxf6 Nxf6 21. Nd4 Ne5 22. Qf5 Qe7 23. Nfe6 fxe6 24. Qxe5 Rfe8 25. Bh3 Rd6 26. Rc2 Nd7 27. Qh5 Rf8 28. Rc7 Bc8 29. Rdc1 1-0

[Event "Titled Tuesday 2024.10.22 Late"]
[Site "chess.com INT"]
[Date "2024.10.22"]
[Round "4"]
[White "Kosakowski, Jakub"]
[Black "Keleberda, Tymur"]
[Result "1-0"]
[WhiteElo "2516"]
[BlackElo "2269"]
[WhiteFideId "-1"]
[BlackFideId "-1"]
[PlyCount "141"]
[GameId "2129405225174357"]
[EventDate "2024.10.22"]
[EventType "swiss (blitz)"]
[EventRounds "11"]
[EventCountry "NET"]
[SourceTitle "The Week in Chess 1564"]
[Source "Mark Crowther"]
[SourceDate "2024.10.28"]
[SourceVersion "1"]
[SourceVersionDate "2024.10.28"]
[SourceQuality "2"]

1. e4 a6 2. a3 e6 3. d4 d5 4. Bd3 Nf6 5. e5 Nfd7 6. c3 c5 7. Nf3 Nc6 8. O-O cxd4 9. cxd4 f6 10. Re1 Be7 11. exf6 Nxf6 12. Nc3 O-O 13. Bg5 Bd7 14. Bc2 Qe8 15. Ne5 Kh8 16. Qd3 Qh5 17. Bxf6 Bxf6 18. Nxd7 Bxd4 19. Nxf8 Rxf8 20. Re2 g6 21. Rf1 Be5 22. Qh3 Qxh3 23. gxh3 Nd4 24. Rxe5 Nf3+ 25. Kg2 Nxe5 26. Re1 Nc4 27. Rxe6 d4 28. Ne2 Rd8 29. Re4 Nxb2 30. Rxd4 Rxd4 31. Nxd4 Nc4 32. a4 b5 33. axb5 axb5 34. Nxb5 Kg7 35. Nd4 Nd6 36. Kg3 Kf6 37. h4 Nf7 38. Nf3 h6 39. Kf4 Nd6 40. Nd2 Nb5 41. Ne4+ Kg7 42. Ke5 Nc7 43. Nd6 Na6 44. Ne8+ Kf7 45. Nd6+ Kg7 46. f4 Nb4 47. Be4 Na2 48. f5 gxf5 49. Nxf5+ Kg6 50. Ng3+ Kf7 51. h5 Nc3 52. Nf5 Kg8 53. Nxh6+ Kf8 54. Ng4 Nb5 55. Kf6 Kg8 56. Kg6 Nd6 57. Nh6+ Kf8 58. Bd5 Nb5 59. Nf5 Nc7 60. Bb3 Ne8 61. h6 Nf6 62. Kxf6 Ke8 63. h7 Kd7 64. h8=Q Kc6 65. Qc8+ Kb5 66. Qc4+ Kb6 67. Qb4+ Kc6 68. Nd4+ Kd7 69. Be6+ Kc7 70. Qc5+ Kd8 71. Qe7# 1-0

[Event "Titled Tuesday 2024.10.22 Late"]
[Site "chess.com INT"]
[Date "2024.10.22"]
[Round "5"]
[White "Rasulov, Vu"]
[Black "Keleberda, Tymur"]
[Result "1-0"]
[WhiteElo "2519"]
[BlackElo "2269"]
[WhiteFideId "-1"]
[BlackFideId "-1"]
[PlyCount "67"]
[GameId "2129405225174469"]
[EventDate "2024.10.22"]
[EventType "swiss (blitz)"]
[EventRounds "11"]
[EventCountry "NET"]
[SourceTitle "The Week in Chess 1564"]
[Source "Mark Crowther"]
[SourceDate "2024.10.28"]
[SourceVersion "1"]
[SourceVersionDate "2024.10.28"]
[SourceQuality "2"]

1. d4 e6 2. Nf3 d5 3. g3 Nf6 4. Bg2 b5 5. O-O Bb7 6. Ne5 Nbd7 7. a4 a6 8. Bg5 Be7 9. Nd3 O-O 10. Nd2 h6 11. Bxf6 Bxf6 12. e3 Be7 13. Nb3 Qc8 14. Nbc5 Nxc5 15. Nxc5 f6 16. b4 Bxc5 17. bxc5 Bc6 18. axb5 axb5 19. Qg4 Ra4 20. Qf4 Qd7 21. g4 Rfa8 22. Rac1 e5 23. Qg3 exd4 24. exd4 Rxd4 25. h3 Rc4 26. Ra1 Raa4 27. Qe3 d4 28. Bxc6 Qxc6 29. Qe7 Rxc5 30. Rae1 Rd5 31. Qe2 Rc4 32. Qd3 Rc3 33. Qg6 Rd8 34. Re7 1-0

[Event "Titled Tuesday 2024.10.22 Late"]
[Site "chess.com INT"]
[Date "2024.10.22"]
[Round "6"]
[White "Keleberda, Tymur"]
[Black "Denisenko, D."]
[Result "1-0"]
[WhiteElo "2269"]
[BlackElo "1932"]
[WhiteFideId "-1"]
[BlackFideId "-1"]
[PlyCount "79"]
[GameId "2129405225240237"]
[EventDate "2024.10.22"]
[EventType "swiss (blitz)"]
[EventRounds "11"]
[EventCountry "NET"]
[SourceTitle "The Week in Chess 1564"]
[Source "Mark Crowther"]
[SourceDate "2024.10.28"]
[SourceVersion "1"]
[SourceVersionDate "2024.10.28"]
[SourceQuality "2"]

1. Nf3 d5 2. g3 c6 3. Bg2 Bg4 4. d3 Nd7 5. Nbd2 Ngf6 6. O-O e6 7. c4 Bd6 8. Rb1 Qe7 9. a3 a5 10. h3 Bh5 11. Qc2 O-O 12. g4 Bg6 13. Nh4 Nxg4 14. Nxg6 fxg6 15. Nf3 Nge5 16. Nd4 Rae8 17. b4 axb4 18. axb4 Qh4 19. Bb2 g5 20. c5 Bb8 21. f4 gxf4 22. Nf3 Nxf3+ 23. Rxf3 e5 24. Rd1 h5 25. b5 g5 26. bxc6 bxc6 27. Qa4 Re6 28. Rb1 g4 29. Rff1 gxh3 30. Bf3 Rg6+ 31. Kh1 Rg2 32. Rg1 Qg3 33. Bxg2 hxg2+ 34. Rxg2 Rf7 35. Qxc6 Rg7 36. Rxg3 fxg3 37. Qxd5+ Kh8 38. Rg1 h4 39. Qe6 e4 40. Bxg7+ 1-0

[Event "Titled Tuesday 2024.10.22 Late"]
[Site "chess.com INT"]
[Date "2024.10.22"]
[Round "7"]
[White "Kovalevsky, Stanislav"]
[Black "Keleberda, Tymur"]
[Result "1-0"]
[WhiteElo "2114"]
[BlackElo "2269"]
[WhiteFideId "-1"]
[BlackFideId "-1"]
[PlyCount "69"]
[GameId "2129405225240407"]
[EventDate "2024.10.22"]
[EventType "swiss (blitz)"]
[EventRounds "11"]
[EventCountry "NET"]
[SourceTitle "The Week in Chess 1564"]
[Source "Mark Crowther"]
[SourceDate "2024.10.28"]
[SourceVersion "1"]
[SourceVersionDate "2024.10.28"]
[SourceQuality "2"]

1. e4 a6 2. c4 e6 3. Nc3 c5 4. g3 Nc6 5. Bg2 g6 6. h4 h6 7. d3 Bg7 8. h5 g5 9. f4 gxf4 10. gxf4 Nge7 11. Nf3 Nd4 12. Be3 b5 13. Qd2 Bb7 14. cxb5 axb5 15. Bxd4 cxd4 16. Nxb5 Qb6 17. Qb4 O-O 18. Qxe7 Qxb5 19. O-O Qxd3 20. f5 Bxe4 21. f6 Rfe8 22. Qxd7 Bxf6 23. Rae1 Bf5 24. Ne5 Bxe5 25. Rxe5 Qg3 26. Rfxf5 Rf8 27. Re4 exf5 28. Qxf5 Kh8 29. Rg4 Qe3+ 30. Kh1 Ra6 31. Be4 Qe1+ 32. Kh2 Qe2+ 33. Kh1 Qe1+ 34. Kh2 Qe2+ 35. Kh3 1-0

[Event "Titled Tuesday 2024.10.08 Late"]
[Site "chess.com INT"]
[Date "2024.10.08"]
[Round "1"]
[White "Keleberda, Tymur"]
[Black "Herman, Daniel"]
[Result "0-1"]
[WhiteElo "2269"]
[BlackElo "1925"]
[WhiteFideId "-1"]
[BlackFideId "-1"]
[PlyCount "74"]
[GameId "2129405224838029"]
[EventDate "2024.10.08"]
[EventType "swiss (blitz)"]
[EventRounds "11"]
[EventCountry "NET"]
[SourceTitle "The Week in Chess 1562"]
[Source "Mark Crowther"]
[SourceDate "2024.10.14"]
[SourceVersion "1"]
[SourceVersionDate "2024.10.14"]
[SourceQuality "2"]

1. Nf3 g6 2. d4 Bg7 3. c4 d6 4. Nc3 Nf6 5. g3 O-O 6. Bg2 c6 7. O-O Qa5 8. e4 e5 9. dxe5 dxe5 10. a3 Be6 11. b4 Qc7 12. c5 Nbd7 13. Qc2 a5 14. Rb1 axb4 15. axb4 Rfd8 16. Rd1 h6 17. Be3 Ra3 18. Bf1 Rda8 19. h3 Nh5 20. Bg2 f5 21. exf5 gxf5 22. Bc1 Rxc3 23. Qxc3 e4 24. Qe3 Bd5 25. Nd4 Ne5 26. Qe2 Nd3 27. Be3 Qe5 28. b5 f4 29. gxf4 Nhxf4 30. Bxf4 Nxf4 31. Qe3 Qg5 32. Qg3 Bxd4 33. Qxg5+ hxg5 34. Rxd4 Ne2+ 35. Kf1 Nxd4 36. bxc6 bxc6 37. Rb7 Ra1+ 0-1

[Event "Titled Tuesday 2024.10.08 Late"]
[Site "chess.com INT"]
[Date "2024.10.08"]
[Round "2"]
[White "Topalov, A."]
[Black "Keleberda, Tymur"]
[Result "0-1"]
[WhiteElo "2233"]
[BlackElo "2269"]
[WhiteFideId "-1"]
[BlackFideId "-1"]
[PlyCount "114"]
[GameId "2129405224846556"]
[EventDate "2024.10.08"]
[EventType "swiss (blitz)"]
[EventRounds "11"]
[EventCountry "NET"]
[SourceTitle "The Week in Chess 1562"]
[Source "Mark Crowther"]
[SourceDate "2024.10.14"]
[SourceVersion "1"]
[SourceVersionDate "2024.10.14"]
[SourceQuality "2"]

1. b3 e5 2. Bb2 Nc6 3. c4 Nf6 4. e3 d6 5. Nf3 Be7 6. d4 exd4 7. Nxd4 Nxd4 8. Qxd4 O-O 9. Nc3 Be6 10. Be2 Re8 11. O-O Rb8 12. Rad1 a6 13. Rfe1 Bf8 14. Bf3 Nd7 15. Nd5 b5 16. cxb5 axb5 17. Rc1 c5 18. Qd2 b4 19. Nf4 Nb6 20. Nxe6 fxe6 21. a4 bxa3 22. Bxa3 Nd7 23. b4 cxb4 24. Bxb4 Ne5 25. Be2 d5 26. Bc3 Nf7 27. Bh5 Rb7 28. Rb1 Rc7 29. Ba5 Bd6 30. Bxc7 Qxc7 31. g3 g6 32. Bf3 Ne5 33. Bg2 Nc4 34. Qc1 Qf7 35. Re2 Rc8 36. Qd1 Be5 37. Rc2 Bd6 38. Rbc1 Ba3 39. Ra1 Bc5 40. Rac1 Rf8 41. Qe2 Qf6 42. Rxc4 dxc4 43. Rxc4 Bd6 44. Re4 Qa1+ 45. Bf1 Qf6 46. Bh3 e5 47. Rc4 Kh8 48. Qc2 Be7 49. Rc8 Bd8 50. Qe2 e4 51. Bg2 Qe6 52. Rc1 Bf6 53. Rd1 Qf5 54. Qc2 Be5 55. Bxe4 Qf6 56. Bg2 Bb8 57. f4 Rd8 0-1